000
00308nam a22001457a 4500
008
210310b ||||| |||| 00| 0 eng d
020
_a
9780324590999
041
_a
eng
080
_2
2nd
_a
91
082
_2
2nd
_a
91
100
_a
42
101
_a
GJEO
245
_a
Global Strategy
_c
PENG
942
_2
udc
_c
BK
999
_c
56129
_d
56129